00608nam a22001937a 450000500170000001000150001702000260003203500140005803700130007208200060008510000100009124500530010126000400015427000410019430000220023594200200025799900190027795201180029620170526143534.0 aENG-118179 a9789351868255c400.00 aEN-101711 bDBAD/PUB aS aPriya aSunrays for friday /cby Priya and Sanjay Tandon aNew Delhi bPRABHAT PRAKASHANc2016 a4/19 Asaf Ali Road, New Delhi-110002 a216p.c21cm. (Hb) 2ddccENhSmPRI c139967d139967 001040718NFICaDBADbBNd2017-05-16eDBAD/PUBg400.00l0oS PRIpEN-101711r2017-05-16 00:00:00t1v400.00yEN